00354nam a2200097Ia 4500008004100000020001800041100002500059245010300084260005200187300001700239180219s9999 xx 000 0 und d a9789715132558 aQuiambao-Udan, Josie aNCLEX-RN TEST-PREP for international nurses series II :bmedical-surgical nursing and pharmacology aErmita CitybEducational publishing housec2009 av, 989 pages